000 01491nas a2200241 454500
001 15652
005 20260407193505.0
008 260407s1969####ag###########|||spa#d
003 AR-UNSa-BCEJYS
040 _aAR-UNSa-BCEJYS
_bspa
_cAR-UNSa-BCEJYS
080 _a330
_xEconomía en general
245 1 0 _aFinanzas y desarrollo
022 _a0250-7447
264 1 _aWashington :
_bFondo Monetario Internacional
_c1969
310 _aFrecuencia: Trimestral Cambia de Director a partir del Vol. 13, Nº 2 por Ian Bowen Cambia de Director a partir del Vol. 14, Nº 2 por Samuel I. Katz Cambia de Director a partir del Vol. 19, Nº 2 por Bahram Nowzad Cambia de Director a partir del Vol. 26, Nº 2 por Shuja Nawaz Cambia de Director a partir del Vol. 29, Nº 3 por Pamela Bradley Cambia de Director a partir del Vol. 30, Nº 1 por Pamela Wallace Cambia de Director a partir del Vol. 30, Nº 4 por Laura Wallace Cambia de Director a partir del Vol. 31, Nº 1 por Claire Liuksila Cambia de Director a partir del Vol. 35, Nº 1 por Ian S. McDonald Cambia de Director a partir del Vol. 39, Nº 1 por Laura Wallace Cambia de Director a partir del Vol. 55, Nº 2 por Camilla Lund Andersen
942 _cSER
590 _aniveau_biblio:s niveau_hierar:1
100 1 _aScott, J.D.
650 _aDesarrollo económico y social
650 _aFinanzas
650 _aECONOMIA
856 4 1 _uhttps://biblioeco.unsa.edu.ar/pmb/images/revistas/Finanzas y Desarrollo.jpg
_yImagen de portada
_qimage/jpeg
999 _c8478
_d8478